| 000 | 00823nam a2200229Ia 4500 | ||
|---|---|---|---|
| 008 | 130821s2000 ck gr spa | ||
| 020 | _a9586931633 | ||
| 040 |
_aCo-BoUCM _bspa |
||
| 041 | 0 | 0 | _aspa |
| 100 | 1 |
_aGoethe, Johann Wolfgang Von _d1749 -1832 _965009 |
|
| 245 | 1 | 0 |
_aFausto _cJohann Wolfgang Von; traducción y notas de J. Roviralta Borrell |
| 260 |
_aBogotá (Colombia) _bPanamericana Editorial _c2000 |
||
| 300 | _a350 páginas | ||
| 650 | 0 | 4 |
_aDrama alemán _ySiglo XVIII _913568 |
| 650 | 0 | 4 |
_aExistencialismo en la literatura _915412 |
| 650 | 0 | 4 |
_aLiteratura europea _926524 |
| 650 | 0 | 4 |
_aTeatro alemán _925047 |
| 650 | 0 | 4 |
_aTragedia alemana _ySiglo XVIII _925645 |
| 700 |
_aRoviralta Borrell, J. _etrad. _9164609 |
||
| 942 |
_cLIBRO _a18 _e1 _mG599fa _2DEWEY _h832.62 |
||
| 999 |
_c58050 _d58050 |
||